<?xml version="1.0" encoding="UTF-8"?>
<record
    xmlns:xsi="http://www.w3.org/2001/XMLSchema-instance"
    xsi:schemaLocation="http://www.loc.gov/MARC21/slim http://www.loc.gov/standards/marcxml/schema/MARC21slim.xsd"
    xmlns="http://www.loc.gov/MARC21/slim">

  <leader>01219nam a22002417a 4500</leader>
  <controlfield tag="003">OSt</controlfield>
  <controlfield tag="005">20210318134157.0</controlfield>
  <controlfield tag="008">210318s2003    ck aob|gr|||| 00| 0 spa d</controlfield>
  <datafield tag="020" ind1=" " ind2=" ">
    <subfield code="a">958973491X</subfield>
  </datafield>
  <datafield tag="040" ind1=" " ind2=" ">
    <subfield code="a">CO-JMCR</subfield>
    <subfield code="c">CO-JMCR</subfield>
  </datafield>
  <datafield tag="041" ind1="0" ind2=" ">
    <subfield code="a">spa</subfield>
  </datafield>
  <datafield tag="082" ind1="0" ind2="4">
    <subfield code="a">R / 577.709861 / </subfield>
    <subfield code="b">V652a</subfield>
    <subfield code="2">23</subfield>
  </datafield>
  <datafield tag="100" ind1="1" ind2=" ">
    <subfield code="a">Vides C., Martha Patricia, </subfield>
    <subfield code="e">editora</subfield>
    <subfield code="9">36298</subfield>
  </datafield>
  <datafield tag="245" ind1="1" ind2="0">
    <subfield code="a">Atlas de paisajes costeros de Colombia / </subfield>
    <subfield code="c">editores, Martha Patricia Vides C., Paula Cristina Sierra-Correa</subfield>
  </datafield>
  <datafield tag="260" ind1=" " ind2=" ">
    <subfield code="a">Santa Marta : </subfield>
    <subfield code="b">Instituto de Investigaciones Marinas y Costeras "Jos&#xE9; Benito Vives De Andreis", </subfield>
    <subfield code="c">2003</subfield>
  </datafield>
  <datafield tag="300" ind1=" " ind2=" ">
    <subfield code="a">131 p&#xE1;ginas :</subfield>
    <subfield code="b">ilustraciones, fotograf&#xED;as y mapas a color ; </subfield>
    <subfield code="c">43 cm.</subfield>
  </datafield>
  <datafield tag="490" ind1="0" ind2=" ">
    <subfield code="a">Publicaciones generales ; </subfield>
    <subfield code="v">16</subfield>
  </datafield>
  <datafield tag="504" ind1=" " ind2=" ">
    <subfield code="a">Bibliograf&#xED;a: p&#xE1;ginas 128-131</subfield>
  </datafield>
  <datafield tag="505" ind1="0" ind2=" ">
    <subfield code="a">Colombia 50% MAR, una visi&#xF3;n de futuro -- La Costa Caribe colombiana, lugar de dram&#xE1;tica belleza -- El Caribe Insular, San Andr&#xE9;s, Old Providence y Santa Catalina -- El Pac&#xED;fico Continental e Insular, regi&#xF3;n de contrastes -- &#xBF;Somos vulnerables ante un eventual ascenso del nivel del mar?</subfield>
  </datafield>
  <datafield tag="650" ind1="1" ind2="4">
    <subfield code="a">Ecolog&#xED;a marina</subfield>
    <subfield code="v">Atlas</subfield>
    <subfield code="z">Colombia</subfield>
    <subfield code="9">36299</subfield>
  </datafield>
  <datafield tag="700" ind1="1" ind2=" ">
    <subfield code="a">Sierra-Correa, Paula Cristina, </subfield>
    <subfield code="e">editora</subfield>
    <subfield code="9">36300</subfield>
  </datafield>
  <datafield tag="942" ind1=" " ind2=" ">
    <subfield code="2">ddc</subfield>
    <subfield code="c">BK</subfield>
  </datafield>
  <datafield tag="999" ind1=" " ind2=" ">
    <subfield code="c">15431</subfield>
    <subfield code="d">15431</subfield>
  </datafield>
  <datafield tag="952" ind1=" " ind2=" ">
    <subfield code="0">0</subfield>
    <subfield code="1">0</subfield>
    <subfield code="2">ddc</subfield>
    <subfield code="4">0</subfield>
    <subfield code="7">0</subfield>
    <subfield code="8">NFIC</subfield>
    <subfield code="a">CPL</subfield>
    <subfield code="b">CPL</subfield>
    <subfield code="d">2020-10-02</subfield>
    <subfield code="e">Donaci&#xF3;n</subfield>
    <subfield code="l">0</subfield>
    <subfield code="o">R / 577.709861 /  V652a</subfield>
    <subfield code="p">201807237</subfield>
    <subfield code="r">2021-03-18 00:00:00</subfield>
    <subfield code="t">Ej.1</subfield>
    <subfield code="w">2021-03-18</subfield>
    <subfield code="y">BK</subfield>
  </datafield>
</record>
